Deuda externa y balanza de pagos: un modelo matamético /

Збережено в:
Бібліографічні деталі
Автор: Ramírez B, Francisco
Формат: Текст
Теги: Додати тег
Немає тегів, Будьте першим, хто поставить тег для цього запису!

MARC

LEADER 00000 a a2200000 04500
001 3071
003
040
100 |a Ramírez B, Francisco  
245 |a Deuda externa y balanza de pagos:   |b un modelo matamético /  |c Francisco Ramírez B 
773 |g volumen 4, número 1; páginas 51-62  
999 |c 26077  |d 26077